Electricity : The Road Toward Restructuring.

Reviews electric utility regulation under the Public Utilities Holding Company Act of 1935, Public Utility Regulatory Policies Act of 1978, Energy Policy Act of 1992, and recent Federal Energy Regulatory Commission orders. Examines transmission issues, environmental questions concerning air pollutio...

Full description

Bibliographic Details
Corporate Authors: Library of Congress. Congressional Research Service, ProQuest (Firm)
Format: eBook
Language:English
Published: [Place of publication not identified] : [publisher not identified], 2002.
Series:U.S. Congressional Research.
Subjects:
Online Access:Connect to the full text of this electronic book

MARC

Tag First Indicator Second Indicator Subfields
LEADER 00000cam a22000001a 4500
001 in00003367621
006 m d f
007 cr bn mmmapmmp
008 100727s2002 dcu o f000 0 eng d
005 20260429200513.0
035 |a cis2007900075 
040 |a ProQuest  |c ProQuest  |d UtOrBLW 
043 |a n-us--- 
099 |a CRS-2002-RSI-0352 
110 2 |a Library of Congress.  |b Congressional Research Service. 
245 1 0 |a Electricity :  |b The Road Toward Restructuring. 
264 1 |a [Place of publication not identified] :  |b [publisher not identified],  |c 2002. 
300 |a 1 online resource. 
336 |a text  |b txt  |2 rdacontent 
337 |a computer  |b c  |2 rdamedia 
338 |a online resource  |b cr  |2 rdacarrier 
500 |a Record is based on bibliographic data in ProQuest U.S. Congressional Research Digital Collection (last viewed July 2010). Reuse except for individual research requires license from ProQuest, LLC. 
500 |a CRS Report. 
520 |a Reviews electric utility regulation under the Public Utilities Holding Company Act of 1935, Public Utility Regulatory Policies Act of 1978, Energy Policy Act of 1992, and recent Federal Energy Regulatory Commission orders. Examines transmission issues, environmental questions concerning air pollution, and the California electricity crisis. 
500 |a Electronic resource. 
650 0 |a Electric utilities. 
650 0 |a Air  |x Pollution. 
651 0 |a California. 
655 7 |a Electronic books.  |2 local 
710 2 |a ProQuest (Firm) 
776 0 8 |i Microfiche version:   |a Library of Congress. Congressional Research Service.  |t Electricity 
830 0 |a U.S. Congressional Research. 
856 4 0 |u http://proxy.library.tamu.edu/login?url=https://congressional.proquest.com/congcomp/getdoc?CRDC-ID=CRS-2002-RSI-0352  |z Connect to the full text of this electronic book  |t 0 
999 |a MARS 
999 f f |s 87803271-96ad-3110-864c-a9e8bc99a65b  |i 42575994-c93a-37c7-876d-77593d1e2d7f  |t 0 
952 f f |a Texas A&M University  |b College Station  |c Electronic Resources  |s www_evans  |d Available Online  |t 0  |e CRS-2002-RSI-0352  |h Other scheme 
998 f f |a CRS-2002-RSI-0352  |t 0  |l Available Online